00687nam a22001937a 4500999001900000005001700019010001500036020002600051035001400077037001300091082001000104100002800114245008300142260003900225270006300264300002100327942002400348952012100372 c174121d17412120200317164206.0 aENG-128091 c125.00a9788179664902 aEN-111623 bDBAD/PUB a509.2 aMuthukrishnan,Nagarajan aExploring the Scientist within you:cby Nagarajan MuthukrishnanbDiscover Now/ aChennaibEmerald Publihshersc2018 a15A, First Floor, Casa Major Road, EgmorebChennaie600008 a103p.c22cm(pbk) 2ddccENh509.2mMUT 001040718NFICaDBADbMd2020-03-17eDBAD/PUBg125.00l0o509.2 MUTpEN-111623r2020-03-17 00:00:00t1v125.00yEN